Längste Flüsse Luxemburgs - Statistiken

Allgemein
  • Dieses Quiz wurde 62 mal gespielt
  • Das Durchschnittsergebnis liegt bei 7 aus 19
Antwortstatistiken
Rang Fluss Gesamtlänge Mündungsfluss % Korrekt
1. Mosel 560 km Rhein
100%
5. Alzette 73 km Sauer
90%
2. Sauer 206 km Mosel
90%
9. Attert 38 km Alzette
65%
8. Wiltz 42 km Sauer
63%
4. Our 78 km Sauer
50%
14. Schwarze Ernz 25 km Sauer
35%
11. Weiße Ernz 30 km Sauer
35%
7. Klerf 48 km Wiltz
28%
13. Mamer 26 km Alzette
25%
3. Korn 112 km Maas
18%
6. Eisch 49 km Alzette
15%
17. Mess 11 km Alzette
15%
10. Syr 32 km Mosel
15%
19. Petruss 11 km Alzette
10%
12. Wark 28 km Alzette
10%
16. Gander 12 km Mosel
8%
15. Blees 20 km Sauer
5%
18. Pall 11 km Attert
3%
Keine übereinstimmenden Quizze gefunden
Verteilung der Resultate
Anzahl Personen mit jedem Resultat
Perzentil nach korrekt beantworteten Fragen
Ihre Resultats-Entwicklung
Sie haben dieses Quiz noch nicht gespielt